<?xml version="1.0" encoding="UTF-8"?><?xml-stylesheet type="text/xsl" href="static/style.xsl"?><OAI-PMH xmlns="http://www.openarchives.org/OAI/2.0/" xmlns:xsi="http://www.w3.org/2001/XMLSchema-instance" xsi:schemaLocation="http://www.openarchives.org/OAI/2.0/ http://www.openarchives.org/OAI/2.0/OAI-PMH.xsd"><responseDate>2026-06-29T01:17:40Z</responseDate><request verb="GetRecord" identifier="oai:docta.ucm.es:20.500.14352/62915" metadataPrefix="marc">https://docta.ucm.es/rest/oai/request</request><GetRecord><record><header><identifier>oai:docta.ucm.es:20.500.14352/62915</identifier><datestamp>2023-09-15T06:50:53Z</datestamp><setSpec>com_20.500.14352_14</setSpec><setSpec>col_20.500.14352_22</setSpec></header><metadata><record xmlns="http://www.loc.gov/MARC21/slim" xmlns:dcterms="http://purl.org/dc/terms/" xmlns:xsi="http://www.w3.org/2001/XMLSchema-instance" xmlns:doc="http://www.lyncode.com/xoai" xsi:schemaLocation="http://www.loc.gov/MARC21/slim http://www.loc.gov/standards/marcxml/schema/MARC21slim.xsd">
   <leader>00925njm 22002777a 4500</leader>
   <datafield ind2=" " ind1=" " tag="042">
      <subfield code="a">dc</subfield>
   </datafield>
   <datafield ind2=" " ind1=" " tag="720">
      <subfield code="a">Olivares Crespo, María Eugenia</subfield>
      <subfield code="e">author</subfield>
   </datafield>
   <datafield ind2=" " ind1=" " tag="260">
      <subfield code="c">2002</subfield>
   </datafield>
   <datafield ind2=" " ind1=" " tag="520">
      <subfield code="a">El presente trabajo esta comprometido con los problemas que la investigación psicológica realiza en el campo de la psicología de la salud. Se realizaron tres estudios: el primero dirigido a valorar si las variables psicológicas eran capaces de diferenciar entre mujeres con patología mamaria en sus diversas modalidades, mediante un estudio cuasi-prospectivo pre-biopsia. El segundo dirigido a valorar si las variables psicológicas pre-biopsia eran predictivas a largo plazo de la calidad futura del paciente una vez finalizado el tratamiento oncológico, es decir, si determinan el ajuste en términos de calidad de vida. El tercero dirigido a valorar si las variables psicológicas iniciales en el momento previo a la biopsia era predictivo de la supervivencia del paciente.</subfield>
   </datafield>
   <datafield ind1="8" ind2=" " tag="024">
      <subfield code="a">978-84-669-0360-8</subfield>
   </datafield>
   <datafield ind1="8" ind2=" " tag="024">
      <subfield code="a">https://hdl.handle.net/20.500.14352/62915</subfield>
   </datafield>
   <datafield ind2="0" ind1="0" tag="245">
      <subfield code="a">Factores biopsicosociales de la enfermedad neoplásica</subfield>
   </datafield>
</record></metadata></record></GetRecord></OAI-PMH>